Soccer Logos - Europa League - Statistics

General Stats
  • This quiz has been taken 170 times
  • The average score is 29 of 36
Answer Stats
Picture Hint Answer % Correct
England Aston Villa
98%
Scotland Celtic
96%
Portugal Porto
94%
France Lyon
92%
England Nottingham Forest
92%
Italy Roma
92%
Spain Celta Vigo
90%
Croatia Dinamo Zagreb
90%
Spain Real Betis
90%
Switzerland Basel
89%
Italy Bologna
89%
Scotland Rangers
89%
France Lille
88%
Switzerland Young Boys
88%
Netherlands Feyenoord
86%
Turkey Fenerbahçe
84%
Portugal Braga
83%
Belgium Genk
83%
France Nice
83%
Austria Salzburg
83%
Germany Freiburg
81%
Serbia Red Star Belgrade
81%
Germany Stuttgart
81%
Sweden Malmo
80%
Romania FCSB
78%
Israel Maccabi Tel-Aviv
76%
Greece PAOK
72%
Hungary Ferencváros
71%
Czech Republic Viktoria Plzeň
70%
Greece Panathinaikos
69%
Austria Sturm Graz
68%
Netherlands Go Ahead Eagles
66%
Netherlands Utrecht
65%
Bulgaria Ludogorets
63%
Norway Brann
60%
Denmark Midtjylland
60%
No matching quizzes found
Score Distribution
Percent of People with Each Score
Percentile by Number Answered
Your Score History
You have not taken this quiz